000 00499nam a22001817a 4500
999 _c172353
_d172353
005 20200204142323.0
010 _aENG-127623
020 _a9789388927260
_c100.00
035 _aEN-111155
037 _bDBAD/PUB
082 _a880
100 _aUdeshi,Hardik
245 _aTribal Writers-its Saga/
_bby Hardik Udeshi
260 _aAhmedabad
_bVedant
_c2019
270 _bAhmedabad
_aRajkot, Ahmedabad Surat
_e360003
300 _a136p.
_b21cm(pbk)
942 _2ddc
_cEN
_h880
_mUDE